[Event "IX Êóáîê Ãóáåðíàòîðà ÕÌÀÎ-Þãðû òóðíèð À"]
[Site "Õàíòû-Ìàíñèéñê, Russia"]
[Date "2013.12.04"]
[Round "7"]
[White "Ïàñèåâ Ðàõèì"]
[Black "Àðñëàíîâ Øàìèëü"]
[Result "1/2-1/2"]
[WhiteElo "2405"]
[BlackElo "2411"]
[Annotator ""]
[Source ""]
[Remark ""]

1.e4 e6 2.d4 d5 3.Nc3 Bb4 4.e5 c5 5.a3 Bxc3+ 6.bxc3 Ne7 7.Qg4
cxd4 8.Qxg7 Rg8 9.Qxh7 Qc7 10.Ne2 Nbc6 11.f4 dxc3 12.Qd3 d4 13.Nxd4
Nxd4 14.Qxd4 Bd7 15.Rg1 Nf5 16.Qf2 Qc6 17.Bd3 Qd5 18.Be3 Nxe3
19.Qxe3 Rxg2 20.Rxg2 Qxg2 21.Be4 Qxh2 22.O-O-O Rd8 23.Kb1 Bb5
24.Rxd8+ Kxd8 25.Qxa7 Qxf4 26.Qb8+ Ke7 27.Qxb7+ Bd7 28.Qb4+ Ke8
29.Qb8+ Ke7 30.Qd6+ Ke8 31.Bd3 f6 32.Qb8+ Ke7 33.Qb4+ Qxb4+ 34.axb4
Bc6 35.exf6+ Kxf6 36.Ka2 Bd5+ 37.Ka3 Ke5 38.b5 Kd4 39.Kb4 e5
40.b6 e4 41.Ba6 e3 42.Be2 1/2-1/2

[Event "IX Êóáîê Ãóáåðíàòîðà ÕÌÀÎ-Þãðû òóðíèð À"]
[Site "Õàíòû-Ìàíñèéñê, Russia"]
[Date "2013.12.05"]
[Round "8"]
[White "Ñþãèðîâ Ñàíàí"]
[Black "Øèìàíîâ Àëåêñàíäð"]
[Result "1/2-1/2"]
[WhiteElo "2641"]
[BlackElo "2650"]
[Annotator ""]
[Source ""]
[Remark ""]

1.e4 e6 2.d4 d5 3.e5 c5 4.c3 Qb6 5.Nf3 Nc6 6.a3 Bd7 7.b4 cxd4
8.cxd4 Rc8 9.Bb2 Nh6 10.Nc3 Na5 11.Na4 Qc6 12.Rc1 Nc4 13.Bxc4
dxc4 14.Nc3 Be7 15.O-O Nf5 16.b5 Qb6 17.d5 exd5 18.a4 O-O 19.Nxd5
Qd8 20.Qe2 Be6 21.Nf4 Qb6 22.Qe4 a6 23.Nd4 Nxd4 24.Bxd4 Bc5 25.Nxe6
Qxe6 26.Bxc5 Rxc5 27.Qxb7 axb5 28.axb5 Qxe5 29.Rfe1 Rxb5 30.Rxe5
Rxb7 31.Rc5 Rb4 32.R5xc4 Rxc4 33.Rxc4 Re8 34.g3 g6 35.Kg2 Kg7
36.h4 h5 37.Ra4 Rc8 38.Re4 Rd8 39.Rf4 Re8 40.Rf3 Re6 1/2-1/2

[Event "IX Êóáîê Ãóáåðíàòîðà ÕÌÀÎ-Þãðû òóðíèð À"]
[Site "Õàíòû-Ìàíñèéñê, Russia"]
[Date "2013.12.05"]
[Round "8"]
[White "Ôåäîñååâ Âëàäèìèð"]
[Black "Ïîíêðàòîâ Ïàâåë"]
[Result "1/2-1/2"]
[WhiteElo "2597"]
[BlackElo "2603"]
[Annotator ""]
[Source ""]
[Remark ""]

1.d4 d5 2.c4 c6 3.e3 Bf5 4.Nc3 e6 5.g4 Bg6 6.Nge2 dxc4 7.Nf4
Bd6 8.Nxg6 hxg6 9.h3 Nd7 10.Bxc4 Ngf6 11.Qf3 Qe7 12.Bd2 O-O-O
13.O-O-O Nd5 14.Kb1 Kb8 15.Ne2 g5 16.Bb3 f6 17.Qg2 N7b6 18.Bc1
Bc7 19.a3 e5 20.Qe4 Rd7 21.Bc2 c5 22.dxe5 Bxe5 23.f4 Bc7 24.Qf3
Rhd8 25.Rd3 Qe6 26.Rhd1 Qc6 27.Qf2 Nc4 28.h4 a6 29.Ka1 Qb5 30.Rxd5
Rxd5 31.Rxd5 Rxd5 32.Nc3 Qd7 33.Nxd5 Qxd5 34.e4 Qc6 35.hxg5 fxg5
36.fxg5 Be5 37.Ka2 Ka7 38.Qf7 Na5 39.Be3 Qb5 40.b4 Qe2 41.Bxc5+
Ka8 42.Qf2 Qc4+ 43.Kb1 Nc6 44.Qf8+ Nb8 45.Qf3 Nd7 46.Bb3 Qb5
47.Bg1 a5 48.Qd1 Nb8 49.Bc5 axb4 50.axb4 Na6 51.Qd8+ Bb8 52.Bf8
g6 53.Qc8 Qf1+ 54.Kb2 Qf2+ 55.Bc2 Ka7 56.Bc5+ Nxc5 57.Qxc5+ Qxc5
58.bxc5 b6 59.Kc3 bxc5 60.Kc4 Kb6 61.Kd5 Bf4 62.Ke6 Kc7 63.Kf6
Kd6 64.Bb3 Be5+ 65.Kxg6 Ke7 66.Kf5 Kd6 67.Kg6 Ke7 68.Kh5 Bg7
69.Bc4 Be5 70.g6 Bg7 71.Kg5 Kd6 72.Kf5 Ke7 73.e5 Bh8 74.Ke4 Bg7
75.Kd5 Bh8 76.Bd3 Bg7 77.Bc4 Bh8 78.Bd3 Bg7 79.Bc4 1/2-1/2

[Event "IX Êóáîê Ãóáåðíàòîðà ÕÌÀÎ-Þãðû òóðíèð À"]
[Site "Õàíòû-Ìàíñèéñê, Russia"]
[Date "2013.12.05"]
[Round "8"]
[White "Õàéðóëëèí Èëüäàð"]
[Black "Àëåêñååâ Åâãåíèé"]
[Result "1/2-1/2"]
[WhiteElo "2653"]
[BlackElo "2698"]
[Annotator ""]
[Source ""]
[Remark ""]

1.d4 Nf6 2.c4 e6 3.Nf3 d5 4.g3 Bb4+ 5.Bd2 Be7 6.Bg2 O-O 7.O-O
c6 8.Qc2 b6 9.Rd1 Nbd7 10.Bf4 Bb7 11.Nc3 dxc4 12.Ne5 Nd5 13.Nxc4
Nxf4 14.gxf4 Qc7 15.e3 Rad8 16.a3 c5 17.d5 exd5 18.Nxd5 Bxd5
19.Rxd5 b5 20.Ne5 Nxe5 21.Rxe5 Bd6 22.Rd5 Be7 23.Re5 Bd6 24.Rd5
Be7 1/2-1/2

[Event "IX Êóáîê Ãóáåðíàòîðà ÕÌÀÎ-Þãðû òóðíèð À"]
[Site "Õàíòû-Ìàíñèéñê, Russia"]
[Date "2013.12.05"]
[Round "8"]
[White "Áî÷àðîâ Äìèòðèé"]
[Black "Êîêàðåâ Äìèòðèé"]
[Result "1-0"]
[WhiteElo "2602"]
[BlackElo "2631"]
[Annotator ""]
[Source ""]
[Remark ""]

1.c4 c5 2.Nf3 Nf6 3.d4 cxd4 4.Nxd4 Nc6 5.Nc3 g6 6.Nc2 Bg7 7.g3
O-O 8.Bg2 d6 9.b3 Be6 10.Bb2 Qa5 11.Qd2 Rac8 12.Ne3 a6 13.a3
Ng4 14.b4 Qh5 15.Ncd5 Nxe3 16.Nxe3 Bxb2 17.Qxb2 Bh3 18.Bf3 Qg5
19.Rc1 e5 20.Qd2 Nd4 21.Bxb7 Nb3 22.Qd1 Nxc1 23.Qxc1 Rc7 24.Bd5
Kg7 25.Qd2 f5 26.f3 Qh5 27.Kf2 f4 28.Nd1 Bc8 29.Kg1 g5 30.g4
Qh4 31.Nf2 h5 32.h3 Rh8 33.Kf1 Rh6 34.Qd3 Kf8 35.Be4 Ke7 36.Bf5
Bb7 37.Be4 Bc8 38.Bd5 Bd7 39.Qe4 Rc8 40.c5 hxg4 41.fxg4 dxc5
42.Qxe5+ Kd8 43.Nd3 cxb4 44.axb4 Rb6 45.Qd4 Qh6 46.Ne5 Ke7 47.Kg2
Rd6 48.Rd1 Qf6 49.Qe4 Kf8 50.Qh7 Be8 51.Rd4 Qxe5 52.Qg8+ Ke7
53.Re4 Re6 54.Qxe6+ Qxe6 55.Rxe6+ Kf8 56.Rxa6 Rc2 57.Ra2 Rc3
58.Bf3 Ke7 59.Ra5 Kf6 60.b5 1-0

[Event "IX Êóáîê Ãóáåðíàòîðà ÕÌÀÎ-Þãðû òóðíèð À"]
[Site "Õàíòû-Ìàíñèéñê, Russia"]
[Date "2013.12.05"]
[Round "8"]
[White "Ôðîëüÿíîâ Äìèòðèé"]
[Black "Àðòåìüåâ Âëàäèñëàâ"]
[Result "1/2-1/2"]
[WhiteElo "2561"]
[BlackElo "2570"]
[Annotator ""]
[Source ""]
[Remark ""]

1.d4 Nf6 2.c4 g6 3.Nc3 d5 4.cxd5 Nxd5 5.g3 Bg7 6.Bg2 Nxc3 7.bxc3
c5 8.Nf3 O-O 9.O-O cxd4 10.cxd4 Nc6 11.Rb1 Nxd4 12.Nxd4 Qxd4
13.Be3 Qxd1 14.Rfxd1 Rb8 15.Bxa7 Ra8 16.Bc5 Rxa2 17.Bxe7 Re8
18.Bf3 Rc2 19.Bg5 h5 20.Be3 Re7 21.Bg5 Re8 22.Be3 Re7 23.Bg5
Re8 24.Be3 Re7 1/2-1/2

[Event "IX Êóáîê Ãóáåðíàòîðà ÕÌÀÎ-Þãðû òóðíèð À"]
[Site "Õàíòû-Ìàíñèéñê, Russia"]
[Date "2013.12.05"]
[Round "8"]
[White "Îíèùóê Âëàäèìèð"]
[Black "Äâîéðèñ Ñåìåí"]
[Result "1-0"]
[WhiteElo "2591"]
[BlackElo "2562"]
[Annotator ""]
[Source ""]
[Remark ""]

1.e4 c5 2.Nf3 d6 3.d4 cxd4 4.Nxd4 Nf6 5.Nc3 a6 6.a4 e6 7.Be3
b6 8.Bd3 Bb7 9.f4 Nbd7 10.O-O Nc5 11.Qf3 Rc8 12.g4 Be7 13.g5
Nfd7 14.Qg3 g6 15.h4 Nxd3 16.cxd3 Nc5 17.Rad1 Qd7 18.f5 gxf5
19.exf5 e5 20.Nde2 Qc6 21.d4 Ne4 22.Nxe4 Qxe4 23.Nc3 Rxc3 24.bxc3
f6 25.Kh2 Rg8 26.Rf2 Bd5 27.dxe5 dxe5 28.Bxb6 Kf7 29.Rg1 fxg5
30.f6 Bd6 31.Rd2 Bb8 32.Qg4 Qxg4 33.Rxg4 e4+ 34.Kg1 Be6 35.Rxg5
Bf4 36.Rxg8 Bxd2 37.Rg3 Kxf6 38.Kf2 Bf4 39.Bd4+ Kf5 40.Rg7 h6
41.Ra7 Bc4 42.Be3 Be5 43.Bxh6 Bd3 44.Be3 Kg4 45.c4 Bxc4 46.Re7
Kf5 47.h5 Bb2 48.h6 Bd3 49.Rb7 Be5 50.Rb6 1-0

[Event "IX Êóáîê Ãóáåðíàòîðà ÕÌÀÎ-Þãðû òóðíèð À"]
[Site "Õàíòû-Ìàíñèéñê, Russia"]
[Date "2013.12.05"]
[Round "8"]
[White "Þäèí Ñåðãåé"]
[Black "Áóêàâøèí Èâàí"]
[Result "1/2-1/2"]
[WhiteElo "2548"]
[BlackElo "2578"]
[Annotator ""]
[Source ""]
[Remark ""]

1.e4 c5 2.Nf3 e6 3.b3 b6 4.Bd3 Bb7 5.O-O Nc6 6.Re1 d6 7.c3 Nf6
8.Bc2 Be7 9.a3 Rc8 10.d4 d5 11.e5 Ne4 12.Bb2 Qc7 13.Bd3 Na5 14.Nbd2
Qd7 15.Nxe4 c4 16.bxc4 dxe4 17.Bxe4 Nxc4 18.Bc1 O-O 19.Bc2 Qd5
20.Be4 Qd7 21.Qd3 h6 22.Bxb7 Qxb7 23.Re4 Rfd8 24.Nd2 Qd5 25.Qe2
Bg5 26.Nxc4 Qxc4 27.Qxc4 Rxc4 28.f4 Be7 29.Bb2 Rd5 30.Kf1 Ra4
31.Re2 Rb5 32.Rc2 Rb3 33.c4 Kf8 34.Ke2 Ke8 35.Bc1 b5 36.cxb5
Rxb5 37.Bb2 Kd7 38.Rac1 Bd8 39.Rd1 h5 40.g3 g6 41.h3 f5 42.exf6
Bxf6 43.Ke3 Be7 44.Rd3 Bd6 45.g4 Ra6 46.Ke4 Rab6 47.Bc1 Rb3 48.Rcc3
Rxc3 49.Rxc3 hxg4 50.hxg4 Rc6 51.Rxc6 Kxc6 52.a4 a6 53.Bd2 Bb8
54.Ba5 Kd7 55.Bb4 Bc7 56.Bf8 Kc6 57.Bg7 Bd6 58.Be5 Bb4 59.Bb8
Kb7 60.Be5 Kc6 61.g5 Bf8 62.Bf6 Bd6 63.Bg7 Kd7 64.Be5 Be7 65.Bb8
Bf8 66.d5 Bg7 67.Be5 Bf8 68.Kd4 Bb4 69.Kc4 Be7 70.Bb8 Bf8 71.Be5
Be7 72.d6 Bxd6 73.Bxd6 Kxd6 74.Kd4 a5 75.Ke4 Kd7 76.Kd3 Kc7 77.Ke3
Kc6 78.Ke4 Kd7 79.Ke3 Kc6 80.Ke4 1/2-1/2

[Event "IX Êóáîê Ãóáåðíàòîðà ÕÌÀÎ-Þãðû òóðíèð À"]
[Site "Õàíòû-Ìàíñèéñê, Russia"]
[Date "2013.12.05"]
[Round "8"]
[White "Âîëêîâ Ñåðãåé"]
[Black "Ãîðÿ÷êèíà Àëåêñàíäðà"]
[Result "1-0"]
[WhiteElo "2615"]
[BlackElo "2438"]
[Annotator ""]
[Source ""]
[Remark ""]

1.d4 d5 2.c4 c6 3.Nc3 Nf6 4.cxd5 cxd5 5.Bf4 Nc6 6.e3 a6 7.Bd3
Bg4 8.Nge2 Bxe2 9.Qxe2 e6 10.Rc1 h6 11.Bg3 Bd6 12.Bh4 O-O 13.O-O
Be7 14.a3 Nd7 15.Bg3 Bh4 16.Bxh4 Qxh4 17.Na4 Rfc8 18.b4 Qe7 19.f4
Na7 20.Nc5 a5 21.f5 axb4 22.fxe6 fxe6 23.axb4 Nf6 24.e4 dxe4
25.Bc4 Kh8 26.Nxe4 Rf8 27.Nc5 Nc6 28.Nxe6 Rfe8 29.b5 Nb4 30.Qf3
Rac8 31.h3 Qd7 32.Qb3 Qd6 33.Nf4 Qxd4+ 34.Kh1 Qc5 35.Ng6+ Kh7
36.Bg8+ 1-0

[Event "IX Êóáîê Ãóáåðíàòîðà ÕÌÀÎ-Þãðû òóðíèð À"]
[Site "Õàíòû-Ìàíñèéñê, Russia"]
[Date "2013.12.05"]
[Round "8"]
[White "Äæóìàáàåâ Ðèíàò"]
[Black "Ìàëåòèí Ïàâåë"]
[Result "1-0"]
[WhiteElo "2561"]
[BlackElo "2598"]
[Annotator ""]
[Source ""]
[Remark ""]

1.Nf3 c5 2.c4 g6 3.d4 cxd4 4.Nxd4 Nc6 5.e4 Nf6 6.Nc3 d6 7.Nc2
Bg7 8.Be2 Nd7 9.Bd2 a5 10.O-O Nc5 11.Na3 Nd4 12.Be3 Nxe2+ 13.Qxe2
O-O 14.Nab5 Bd7 15.f3 a4 16.Rac1 Bc6 17.Kh1 Qa5 18.Rfd1 Rfe8
19.Bd2 Qb6 20.Be3 Qa5 21.Bd2 Qb6 22.Rc2 Rac8 23.Nd5 Bxd5 24.cxd5
Nd7 25.Rdc1 Rc5 26.Rxc5 dxc5 27.Be3 e6 28.dxe6 Rxe6 29.Rd1 Ne5
30.Nc3 a3 31.bxa3 Qa5 32.Nd5 h5 33.Qc2 c4 34.a4 Kh7 35.Bd2 Qa7
36.Be3 Qa5 37.Rb1 Ra6 38.Nb6 Bh6 39.Bd4 Rxb6 40.Bxb6 Qd2 41.Qxd2
Bxd2 42.Bd4 Nc6 43.Bf6 c3 44.Bxc3 Bxc3 45.Rxb7 Ne5 46.a5 Bxa5
47.Rb5 Bc3 48.a4 f6 49.a5 Bd4 50.Rd5 Be3 51.a6 g5 52.g3 Kg6 53.Kg2
Kf7 54.f4 gxf4 55.gxf4 Nc6 56.Kf3 Ba7 57.Rxh5 1-0

[Event "IX Êóáîê Ãóáåðíàòîðà ÕÌÀÎ-Þãðû òóðíèð À"]
[Site "Õàíòû-Ìàíñèéñê, Russia"]
[Date "2013.12.05"]
[Round "8"]
[White "Ìàòèíÿí Íèêèòà"]
[Black "Àëåêñàíäðîâ Àëåêñåé"]
[Result "1/2-1/2"]
[WhiteElo "2481"]
[BlackElo "2586"]
[Annotator ""]
[Source ""]
[Remark ""]

1.e4 e5 2.Nf3 Nc6 3.Bb5 Nf6 4.O-O Nxe4 5.d4 Nd6 6.Bxc6 dxc6 7.dxe5
Nf5 8.Qxd8+ Kxd8 9.Nc3 Be6 10.Ng5 Bc4 11.Rd1+ Kc8 12.b3 Bb4 13.Bb2
Bxc3 14.Bxc3 Bd5 15.f3 h6 16.Ne4 a5 17.a4 b6 18.Kf2 h5 19.Bb2
Kb7 20.Ng5 Rad8 21.Rd3 Be6 22.Rad1 Rxd3 23.Rxd3 c5 24.Nxe6 fxe6
25.g3 Kc6 26.h3 Ne7 27.Bc1 Ng6 28.Bg5 Rf8 29.Re3 c4 30.bxc4 Rf5
31.f4 Kc5 32.g4 hxg4 33.hxg4 Rf7 34.Kf3 Kxc4 35.Ke4 Kb4 36.Rd3
Kxa4 37.Rd8 Nf8 38.f5 exf5+ 39.gxf5 g6 40.fxg6 Nxg6 41.e6 Rf2
42.Rg8 Re2+ 43.Kf5 Ne5 44.e7 Nf7 45.Kf6 Nd6 46.Bf4 Rf2 47.Rg4
Kb5 48.Ke6 Re2+ 49.Kd7 Ne4 50.c4+ Kb4 51.Kd8 Nd6 52.Bxd6+ cxd6
53.e8Q Rxe8+ 54.Kxe8 a4 55.c5+ Kxc5 56.Rxa4 b5 57.Ra5 Kc4 58.Kd7
b4 59.Kxd6 b3 60.Ra4+ 1/2-1/2

[Event "IX Êóáîê Ãóáåðíàòîðà ÕÌÀÎ-Þãðû òóðíèð À"]
[Site "Õàíòû-Ìàíñèéñê, Russia"]
[Date "2013.12.05"]
[Round "8"]
[White "Êîðíååâ Îëåã"]
[Black "Èñêóñíûõ Ñåðãåé"]
[Result "1-0"]
[WhiteElo "2637"]
[BlackElo "2471"]
[Annotator ""]
[Source ""]
[Remark ""]

1.e4 e6 2.d4 d5 3.Nd2 c5 4.Ngf3 cxd4 5.exd5 Qxd5 6.Bc4 Qd7 7.O-O
Nc6 8.Nb3 Nf6 9.Re1 Be7 10.Nbxd4 Nxd4 11.Nxd4 O-O 12.Bf4 a6 13.c3
b5 14.Bb3 Nd5 15.Nf5 Nxf4 16.Qxd7 Bxd7 17.Nxe7+ Kh8 18.Rad1 Ra7
19.Rd4 g5 20.g3 Ng6 21.Nxg6+ hxg6 22.Rg4 Rc8 23.Rxg5 a5 24.a3
Kg7 25.Rg4 e5 26.Rge4 f6 27.f4 Bf5 28.R4e3 exf4 29.gxf4 Rd8 30.Rd1
Rxd1+ 31.Bxd1 Rd7 32.Be2 b4 33.cxb4 axb4 34.axb4 Rd4 35.b5 Rxf4
36.b3 Rd4 37.Re7+ Kh6 38.b6 Rb4 39.b7 Rxb3 40.Bf3 1-0

[Event "IX Êóáîê Ãóáåðíàòîðà ÕÌÀÎ-Þãðû òóðíèð À"]
[Site "Õàíòû-Ìàíñèéñê, Russia"]
[Date "2013.12.05"]
[Round "8"]
[White "Áåçãîäîâ Àëåêñåé"]
[Black "Ãîãàíîâ Àëåêñåé"]
[Result "1-0"]
[WhiteElo "2482"]
[BlackElo "2581"]
[Annotator ""]
[Source ""]
[Remark ""]

1.d4 Nf6 2.Nf3 e6 3.g3 c5 4.Bg2 cxd4 5.O-O d5 6.Nxd4 e5 7.Nb5
a6 8.N5a3 h6 9.c4 Be6 10.cxd5 Nxd5 11.e4 Nb4 12.Qxd8+ Kxd8 13.Nc3
Nd7 14.Nd5 Rc8 15.Bd2 Nxd5 16.exd5 Bf5 17.d6 e4 18.Bc3 Rc6 19.Rac1
Nc5 20.Nc2 Ne6 21.Ne3 Bh7 22.Nc4 Bxd6 23.Rfd1 Rxc4 24.Ba5+ Ke7
25.Rxc4 f5 26.Bb4 Bxb4 27.Rxb4 b5 28.f3 Rc8 29.fxe4 fxe4 30.a4
Rc5 31.axb5 Rxb5 32.Rxb5 axb5 33.Kf2 Nc5 34.Bf1 Na4 35.Rd2 b4
36.Ke3 Nb6 37.Rd4 Ke6 38.Bc4+ Ke5 39.Bb3 Nc8 40.Rxb4 Nd6 41.g4
h5 42.Rd4 1-0

[Event "IX Êóáîê Ãóáåðíàòîðà ÕÌÀÎ-Þãðû òóðíèð À"]
[Site "Õàíòû-Ìàíñèéñê, Russia"]
[Date "2013.12.05"]
[Round "8"]
[White "Þôôà Äàíèèë"]
[Black "Øîìîåâ Àíòîí"]
[Result "0-1"]
[WhiteElo "2368"]
[BlackElo "2560"]
[Annotator ""]
[Source ""]
[Remark ""]

1.d4 Nf6 2.c4 e6 3.g3 c5 4.d5 exd5 5.cxd5 d6 6.Nc3 g6 7.Bg2 Bg7
8.Nf3 O-O 9.O-O Re8 10.a4 Ne4 11.Nxe4 Rxe4 12.Nd2 Rb4 13.Ra2
Bd7 14.b3 b5 15.axb5 Bxb5 16.Ne4 a5 17.Bg5 Qb6 18.Bf4 Ba6 19.Qc1
Nd7 20.Nxd6 g5 21.Bd2 Qxd6 22.Bxb4 axb4 23.Qxg5 Re8 24.Rfa1 Bb7
25.Ra7 h6 26.Qg4 Nf6 27.Qf5 Bxd5 28.R1a6 Be6 29.Qc2 Qd4 30.Ra8
Rxa8 31.Rxa8+ Bf8 32.e3 Qc3 33.Qd1 Qxb3 34.Qd6 Nd7 35.h4 Kg7
36.Qc7 Qd1+ 37.Kh2 b3 38.Be4 Qd6 39.Qb7 c4 40.Ra6 Nc5 0-1

[Event "IX Êóáîê Ãóáåðíàòîðà ÕÌÀÎ-Þãðû òóðíèð À"]
[Site "Õàíòû-Ìàíñèéñê, Russia"]
[Date "2013.12.05"]
[Round "8"]
[White "Îïàðèí Ãðèãîðèé"]
[Black "Ñòóêîïèí Àíäðåé"]
[Result "1-0"]
[WhiteElo "2520"]
[BlackElo "2509"]
[Annotator ""]
[Source ""]
[Remark ""]

1.e4 c5 2.Nf3 Nc6 3.d4 cxd4 4.Nxd4 Nf6 5.Nc3 d6 6.Bg5 e6 7.Qd2
a6 8.O-O-O Bd7 9.f3 Be7 10.Kb1 Rc8 11.g4 h5 12.gxh5 Nxh5 13.h4
b5 14.Rg1 Ne5 15.f4 b4 16.Bxe7 Qxe7 17.Nce2 Nc4 18.Qxb4 Qxh4
19.Nc1 a5 20.Qb7 Ne3 21.Bb5 O-O 22.Qxd7 Nxd1 23.Rxd1 Rfd8 24.Qa7
Ra8 25.Qc7 Rdc8 26.Qxd6 Qxf4 27.Qxf4 Nxf4 28.Nd3 Nxd3 29.cxd3
Rc5 30.a4 Rh5 31.Rg1 g6 32.Kc2 Rc8+ 33.Bc4 Rh2+ 34.Kc3 Kg7 35.b4
axb4+ 36.Kxb4 Kf6 37.a5 Rb8+ 38.Kc3 Rh5 39.e5+ Kg7 40.a6 Rc8
41.Re1 g5 42.a7 Rhh8 43.Nb5 Kg6 44.Ra1 g4 45.Nd6 Rcd8 46.Bb5
f5 47.Bc6 f4 48.a8Q Rxa8 49.Rxa8 Rh4 50.Be4+ Kg7 51.Ra7+ Kg8
52.Ne8 f3 53.Nf6+ Kh8 54.Nxg4 1-0

[Event "IX Êóáîê Ãóáåðíàòîðà ÕÌÀÎ-Þãðû òóðíèð À"]
[Site "Õàíòû-Ìàíñèéñê, Russia"]
[Date "2013.12.05"]
[Round "8"]
[White "Áåëÿêîâ Áîãäàí"]
[Black "Ñàðàíà Àëåêñåé"]
[Result "1-0"]
[WhiteElo "2454"]
[BlackElo "2261"]
[Annotator ""]
[Source ""]
[Remark ""]

1.e4 c5 2.c3 d5 3.exd5 Qxd5 4.d4 Nf6 5.Nf3 Bg4 6.Be2 e6 7.Na3
Nc6 8.Nb5 Rc8 9.h3 Bh5 10.Bf4 cxd4 11.Nbxd4 Nxd4 12.Qxd4 Qxd4
13.Nxd4 Bxe2 14.Kxe2 Nd5 15.Bd2 Bc5 16.Nf3 Be7 17.Rhc1 Bf6 18.Rab1
b5 19.a4 bxa4 20.Ra1 Nb6 21.Be3 Ra8 22.Ra2 O-O 23.Rca1 Rab8 24.Nd2
Rb7 25.Bxb6 axb6 26.Rxa4 b5 27.Ra7 Rbb8 28.Ne4 Bd8 29.Rd7 Bb6
30.Ra6 h6 31.Nd6 Bc5 32.Nb7 Rfc8 33.Ra5 Kf8 34.Rxb5 Ke8 35.Rd3
Be7 36.b3 Rc6 37.c4 Ra6 38.b4 Ra2+ 39.Rd2 Ra7 40.Nc5 Rxb5 41.cxb5
Ra8 42.Na6 Ra7 43.Rc2 Rb7 44.Kd3 Bd8 45.Kc4 Bb6 46.Nc5 Ra7 47.Rd2
Ke7 48.g4 g6 49.f3 Bd8 50.Na6 Bb6 51.Nb8 Ke8 52.Rd3 h5 53.Nc6
Ra1 54.Ne5 Rc1+ 55.Kb3 Rb1+ 56.Kc3 Rc1+ 57.Kb2 Rh1 58.Nd7 Bc7
59.b6 Bf4 60.b7 Rxh3 61.Nf6+ Ke7 62.g5 Rh2+ 63.Kb3 1-0

[Event "IX Êóáîê Ãóáåðíàòîðà ÕÌÀÎ-Þãðû òóðíèð À"]
[Site "Õàíòû-Ìàíñèéñê, Russia"]
[Date "2013.12.05"]
[Round "8"]
[White "Àðñëàíîâ Øàìèëü"]
[Black "Ñàäóàêàñîâà Äèíàðà"]
[Result "1/2-1/2"]
[WhiteElo "2411"]
[BlackElo "2357"]
[Annotator ""]
[Source ""]
[Remark ""]

1.d4 Nf6 2.c4 e6 3.g3 d5 4.Bg2 c5 5.cxd5 Nxd5 6.Nf3 Nc6 7.O-O
Nf6 8.Ne5 Bd7 9.Nxd7 Qxd7 10.dxc5 Bxc5 11.Qxd7+ Kxd7 12.Nc3 Ke7
13.Rd1 h6 14.h3 Rhd8 15.Bd2 Rd7 16.Kf1 Rad8 17.Be1 Bb4 18.Rxd7+
Rxd7 19.a3 Ba5 20.b4 Bb6 21.Rc1 Nd4 22.e3 Nc6 23.Na4 Nd5 24.Nc5
Bxc5 25.Rxc5 f5 26.e4 fxe4 27.Bxe4 Nd4 28.Rc8 Nb5 29.Rc5 Nxa3
30.Ra5 Nf6 31.Bg6 Nc4 32.Rxa7 Ne5 33.Bc2 Rc7 34.Bd1 Nd3 35.Bd2
Ne4 36.Be3 Nd6 37.Bd2 Ne4 38.Be3 Nd6 39.Bd2 Ne4 40.Be3 Nd6 1/2-1/2

[Event "IX Êóáîê Ãóáåðíàòîðà ÕÌÀÎ-Þãðû òóðíèð À"]
[Site "Õàíòû-Ìàíñèéñê, Russia"]
[Date "2013.12.05"]
[Round "8"]
[White "Ñàâ÷åíêî Áîðèñ"]
[Black "Ïàñèåâ Ðàõèì"]
[Result "0-1"]
[WhiteElo "2602"]
[BlackElo "2405"]
[Annotator ""]
[Source ""]
[Remark ""]

1.e4 c5 2.Nf3 e6 3.c3 Nf6 4.e5 Nd5 5.Bc4 Nb6 6.Bb3 Nc6 7.Qe2
d5 8.d4 Bd7 9.Bg5 Qc7 10.O-O h6 11.Be3 c4 12.Bc2 O-O-O 13.Nbd2
f5 14.Nh4 Be8 15.f4 Be7 16.Nxf5 exf5 17.Bxf5+ Kb8 18.Bc2 Nd7
19.f5 Ndxe5 20.dxe5 Nxe5 21.Rae1 Bd6 22.f6 gxf6 23.Rxf6 Nd3 24.Bxd3
cxd3 25.Qxd3 Bxh2+ 26.Kh1 Be5 27.Re6 d4 28.Bxd4 Bxd4 29.cxd4
Bc6 30.Nf3 Rhg8 31.Qe3 Qd7 32.Qe5+ Ka8 33.Re3 Qh7 34.Kh2 Qc2
35.Re2 Qb1 36.Nh4 Qxa2 37.Rxh6 Qc4 38.Nf5 Rde8 39.Ne7 Qc1 40.Rh4
Rg5 41.Qf6 Bxg2 42.Rxg2 Qc7+ 43.Rf4 Rh5+ 44.Kg3 a6 45.Kg4 Rh1
46.Ng6 Qh7 47.Rf3 Rg8 48.Kf4 Qh6+ 49.Ke4 Re1+ 50.Kd3 Qc1 51.Qf5
Rd8 52.Qg4 Rd1+ 0-1

[Event "IX Êóáîê Ãóáåðíàòîðà ÕÌÀÎ-Þãðû òóðíèð À"]
[Site "Õàíòû-Ìàíñèéñê, Russia"]
[Date "2013.12.06"]
[Round "9"]
[White "Áî÷àðîâ Äìèòðèé"]
[Black "Õèñìàòóëëèí Äåíèñ"]
[Result "1/2-1/2"]
[WhiteElo "2602"]
[BlackElo "2674"]
[Annotator ""]
[Source ""]
[Remark ""]

1.d4 {[%clk 1:29:39]} Nf6 {[%clk 1:30:56]} 2.c4 {[%clk 1:29:27]}
e6 {[%clk 1:31:21]} 3.Nc3 {[%clk 1:29:51]} Bb4 {[%clk 1:31:39]}
4.Qc2 {[%clk 1:30:13]} O-O {[%clk 1:31:38]} 5.Nf3 {[%clk 1:30:12]}
c5 {[%clk 1:29:52]} 6.dxc5 {[%clk 1:29:29]} Na6 {[%clk 1:30:17]}
7.g3 {[%clk 1:29:23]} Nxc5 {[%clk 1:22:24]} 8.Bg2 {[%clk 1:29:39]}
Nce4 {[%clk 1:22:48]} 9.O-O {[%clk 1:29:27]} Nxc3 {[%clk 1:20:50]}
10.bxc3 {[%clk 1:29:02]} Be7 {[%clk 1:21:18]} 11.Nd4 {[%clk 1:20:06]}
Qc7 {[%clk 1:09:45]} 12.Qb3 {[%clk 1:18:18]} a6 {[%clk 1:04:08]}
13.Rb1 {[%clk 1:15:47]} d6 {[%clk 1:03:36]} 14.Ba3 {[%clk 0:58:37]}
Nd7 {[%clk 0:58:09]} 15.f4 {[%clk 0:56:01]} Rb8 {[%clk 0:46:25]}
16.Rfd1 {[%clk 0:46:09]} g6 {[%clk 0:42:28]} 17.Rd2 {[%clk 0:28:54]}
e5 {[%clk 0:36:27]} 18.fxe5 {[%clk 0:22:57]} Nxe5 {[%clk 0:36:50]}
19.Bd5 {[%clk 0:23:13]} Bh3 {[%clk 0:25:31]} 20.Qb6 {[%clk 0:04:19]}
Rfc8 {[%clk 0:23:31]} 21.Nf3 {[%clk 0:03:56]} Nxc4 {[%clk 0:20:33]}
22.Qxc7 {[%clk 0:03:33]} Rxc7 {[%clk 0:20:50]} 23.Bxc4 {[%clk 0:03:44]}
Rxc4 {[%clk 0:21:15]} 24.Bxd6 {[%clk 0:04:00]} Bxd6 {[%clk 0:21:32]}
25.Rxd6 {[%clk 0:04:05]} Rxc3 {[%clk 0:21:02]} 26.Kf2 {[%clk 0:01:54]}
Ra3 {[%clk 0:14:38]} 27.Ng5 {[%clk 0:01:41]} Bf5 {[%clk 0:14:02]}
28.Rc1 {[%clk 0:01:18]} Rxa2 {[%clk 0:05:36]} 29.Rc7 {[%clk 0:01:17]}
Rf8 {[%clk 0:04:54]} 30.Rxb7 {[%clk 0:01:15]} h6 {[%clk 0:04:54]}
31.Nf3 {[%clk 0:01:06]} Be4 {[%clk 0:05:19]} 32.Ra7 {[%clk 0:01:12]}
Bxf3 {[%clk 0:05:43]} 33.Kxf3 {[%clk 0:01:34]} a5 {[%clk 0:06:12]}
34.Rda6 {[%clk 0:01:47]} h5 {[%clk 0:06:36]} 35.Rxa5 {[%clk 0:02:09]}
Rxa5 {[%clk 0:07:04]} 36.Rxa5 {[%clk 0:02:32]} Kg7 {[%clk 0:07:33]}
37.h4 {[%clk 0:02:50]} Re8 {[%clk 0:08:02]} 38.e4 {[%clk 0:03:09]}
Re7 {[%clk 0:08:30]} 39.Rd5 {[%clk 0:03:32]} Re6 {[%clk 0:08:56]}
40.Kf4 {[%clk 0:33:56]} Rf6+ {[%clk 0:39:24]} 1/2-1/2

[Event "IX Êóáîê Ãóáåðíàòîðà ÕÌÀÎ-Þãðû òóðíèð À"]
[Site "Õàíòû-Ìàíñèéñê, Russia"]
[Date "2013.12.06"]
[Round "9"]
[White "Àðòåìüåâ Âëàäèñëàâ"]
[Black "Ìàòëàêîâ Ìàêñèì"]
[Result "1-0"]
[WhiteElo "2570"]
[BlackElo "2700"]
[Annotator ""]
[Source ""]
[Remark ""]

1.b3 {[%clk 1:30:53]} d5 {[%clk 1:27:07]} 2.Bb2 {[%clk 1:31:11]}
Bg4 {[%clk 1:27:12]} 3.Nf3 {[%clk 1:30:24]} Nf6 {[%clk 1:25:51]}
4.e3 {[%clk 1:30:20]} c6 {[%clk 1:21:21]} 5.Be2 {[%clk 1:29:45]}
Nbd7 {[%clk 1:19:43]} 6.c4 {[%clk 1:29:16]} h6 {[%clk 1:12:09]}
7.O-O {[%clk 1:25:49]} e6 {[%clk 1:10:21]} 8.Nc3 {[%clk 1:24:29]}
Bd6 {[%clk 1:02:44]} 9.cxd5 {[%clk 1:24:21]} cxd5 {[%clk 1:00:25]}
10.h3 {[%clk 1:18:13]} Bxf3 {[%clk 0:47:39]} 11.Bxf3 {[%clk 1:15:18]}
O-O {[%clk 0:48:01]} 12.a3 {[%clk 1:13:21]} a6 {[%clk 0:47:26]}
13.d3 {[%clk 1:03:29]} Qe7 {[%clk 0:38:31]} 14.Qd2 {[%clk 1:02:38]}
Ne5 {[%clk 0:33:01]} 15.Be2 {[%clk 1:02:37]} Nc6 {[%clk 0:31:20]}
16.d4 {[%clk 0:58:10]} e5 {[%clk 0:31:37]} 17.dxe5 {[%clk 0:46:22]}
Bxe5 {[%clk 0:28:46]} 18.Bf3 {[%clk 0:46:07]} d4 {[%clk 0:25:36]}
19.Na4 {[%clk 0:45:42]} Rfd8 {[%clk 0:14:55]} 20.Bxc6 {[%clk 0:45:32]}
bxc6 {[%clk 0:15:22]} 21.exd4 {[%clk 0:42:30]} Bc7 {[%clk 0:15:49]}
22.Qe3 {[%clk 0:33:44]} Qd6 {[%clk 0:11:42]} 23.Qe5 {[%clk 0:33:25]}
Qd7 {[%clk 0:11:46]} 24.Nc5 {[%clk 0:33:45]} Bxe5 {[%clk 0:10:44]}
25.Nxd7 {[%clk 0:33:39]} Nxd7 {[%clk 0:04:40]} 26.dxe5 {[%clk 0:33:53]}
Rab8 {[%clk 0:05:09]} 27.b4 {[%clk 0:27:16]} a5 {[%clk 0:05:35]}
28.Bc3 {[%clk 0:25:53]} axb4 {[%clk 0:06:00]} 29.Bxb4 {[%clk 0:18:50]}
Nxe5 {[%clk 0:06:23]} 30.Bc3 {[%clk 0:15:59]} Nd3 {[%clk 0:06:43]}
31.Rfb1 {[%clk 0:15:06]} Rxb1+ {[%clk 0:02:20]} 32.Rxb1 {[%clk 0:15:25]}
Nf4 {[%clk 0:02:43]} 33.Be5 {[%clk 0:15:30]} Nd3 {[%clk 0:01:52]}
34.Rd1 {[%clk 0:12:14]} c5 {[%clk 0:01:39]} 35.a4 {[%clk 0:12:40]}
c4 {[%clk 0:01:47]} 36.a5 {[%clk 0:13:06]} Ra8 {[%clk 0:01:15]}
37.Bc3 {[%clk 0:13:25]} f6 {[%clk 0:01:06]} 38.Rb1 {[%clk 0:10:35]}
Kf7 {[%clk 0:00:41]} 39.Rb7+ {[%clk 0:10:32]} Ke6 {[%clk 0:00:43]}
40.Rc7 {[%clk 0:38:24]} Nf4 {[%clk 0:30:49]} 41.Bd2 {[%clk 0:38:17]}
Ne2+ {[%clk 0:25:23]} 42.Kf1 {[%clk 0:38:25]} Nd4 {[%clk 0:24:22]}
43.Rxc4 {[%clk 0:38:42]} Nb3 {[%clk 0:23:37]} 44.Bc3 {[%clk 0:37:46]}
Ra7 {[%clk 0:23:59]} 45.Ra4 {[%clk 0:37:21]} Rc7 {[%clk 0:22:38]}
46.a6 {[%clk 0:35:55]} Rxc3 {[%clk 0:16:17]} 47.a7 {[%clk 0:36:11]}
Rc8 {[%clk 0:13:55]} 48.a8Q {[%clk 0:36:30]} Rxa8 {[%clk 0:14:22]}
49.Rxa8 {[%clk 0:36:54]} Kf5 {[%clk 0:13:48]} 50.Rd8 {[%clk 0:36:56]}
Ke6 {[%clk 0:13:53]} 51.Ke2 {[%clk 0:37:11]} Nc5 {[%clk 0:14:19]}
52.Ke3 {[%clk 0:37:13]} Kf7 {[%clk 0:14:40]} 53.f4 {[%clk 0:36:08]}
Ke7 {[%clk 0:14:47]} 54.Rc8 {[%clk 0:36:07]} Ne6 {[%clk 0:13:51]}
55.Ke4 {[%clk 0:35:06]} Kf7 {[%clk 0:14:16]} 56.f5 {[%clk 0:35:18]} 1-0